Poistenie kritických chorôb ako moderný produkt životného poistenia diplomová práca

Enregistré dans:
Détails bibliographiques
Auteur principal: Horňáková, Michaela
Collectivité auteur: Fakulta hospodárskej informatiky EU. Katedra matematiky a aktuárstva
Autres auteurs: Škrovánková, Lea, 1954-
Format: Livre
Langue:slovaque
Publié: Bratislava 2023
Tags: Ajouter un tag
Pas de tags, Soyez le premier à ajouter un tag!

MARC

LEADER 00000nbm a2200000 4500
001 0294072
005 20240229103718.1
041 0 |a slo 
044 |a SK 
245 1 0 |a Poistenie kritických chorôb ako moderný produkt životného poistenia  |b diplomová práca  |c Michaela Horňáková ; školiteľ: Lea Škrovánková 
264 1 |a Bratislava  |c 2023 
300 |a 76 s. 
100 1 |a Horňáková, Michaela 
700 1 |a Škrovánková, Lea, 1954- 
710 2 |a Fakulta hospodárskej informatiky EU. Katedra matematiky a aktuárstva